Materiály pre 3D tlač domov
Saved in:
| Main Author: | |
|---|---|
| Other Authors: | |
| Format: | Manuscript Book |
| Language: | Slovak |
| Published: |
2022
|
| Subjects: | |
| Online Access: | http://is.stuba.sk/zp/portal_zp.pl?podrobnosti=152555 |
| Tags: |
No Tags, Be the first to tag this record!
|
MARC
| LEADER | 00000ntm a22000003a 4500 | ||
|---|---|---|---|
| 001 | stuzp71317 | ||
| 003 | SK-STU | ||
| 005 | 20220903210411.6 | ||
| 007 | ta | ||
| 008 | 150427s2015----xo-----f-mn---000-0-slo-d | ||
| 040 | |a STU |b slo | ||
| 041 | 0 | |a slo | |
| 100 | 1 | |a Fiľarská, Diana |u 010200 |4 aut |U SvF Stavebná fakulta |T SvF Katedra materiálového inžinierstva a fyziky |X 62883 |U V200 |Y 844 |7 62883 | |
| 242 | 0 | 1 | |a Materials for 3D printing of buildings |y eng |
| 245 | 1 | 0 | |a Materiály pre 3D tlač domov |
| 260 | |c 2022 | ||
| 650 | 4 | |a 3D tlač |2 slo | |
| 650 | 4 | |a aditívna výroba |2 slo | |
| 650 | 4 | |a cementové kompozity |2 slo | |
| 650 | 4 | |a prísady |2 slo | |
| 650 | 4 | |a 3D printing |2 eng | |
| 650 | 4 | |a cement composites |2 eng | |
| 650 | 4 | |a additive manufacturing |2 eng | |
| 650 | 4 | |a additives |2 eng | |
| 700 | 1 | |a Unčík, Stanislav |u 010200 |k Z1 |4 ths |U SvF Stavebná fakulta |T SvF Katedra materiálového inžinierstva a fyziky |X 2734 |U V200 |Y 844 |7 A000002734 | |
| 856 | 4 | |u http://is.stuba.sk/zp/portal_zp.pl?podrobnosti=152555 | |